| 000 -LEADER |
| fixed length control field |
00598nam a22001937a 4500 |
| 008 - FIXED-LENGTH DATA ELEMENTS--GENERAL INFORMATION |
| fixed length control field |
150608b xxu||||| |||| 00| 0 eng d |
| 020 ## - INTERNATIONAL STANDARD BOOK NUMBER |
| International Standard Book Number |
0534378625 (alk. paper) |
| 041 0# - LANGUAGE CODE |
| Language code of text/sound track or separate title |
eng |
| 080 ## - UNIVERSAL DECIMAL CLASSIFICATION NUMBER |
| Universal Decimal Classification number |
514.11 |
| 100 ## - Rafti |
| Rafti |
Stewart, James, |
| 100 ## - Rafti |
| -- |
1941- |
| 245 10 - TITLE STATEMENT |
| Title |
Single variable calculus : |
| Statement of responsibility, etc |
James Stewart. |
| 246 30 - VARYING FORM OF TITLE |
| Title proper/short title |
Calculus |
| 250 ## - |
| -- |
3rd ed. |
| 260 ## - |
| -- |
Belmont, CA : |
| -- |
Thomson Brooks/Cole, |
| -- |
c2005. |
| 300 ## - |
| -- |
642, 124 f.: 1 v. (various pagings) : : |
| -- |
me il |
| -- |
27 cm. + |
| -- |
1 CD-ROM (4 3/4 in.) |
| 500 ## - |
| -- |
Includes index. |
| 650 #0 - |
| -- |
Kalkulus |
| 942 ## - ADDED ENTRY ELEMENTS (KOHA) |
| Source of classification or shelving scheme |
|
| Item type |
Books |